000 00443nam a2200169Ia 4500
008 090711s9999 xx 000 0 und d
082 _b35132
100 _aबोराडे रा. रं.
245 _aवाळवण
260 _c1976
300 _a157
600 _aबोराडे रा. रं.
630 _aवाळवण
700 _aबोराडे रा. रं.
730 _aवाळवण
942 _cBOOK
999 _c309296
_d309296